Largest Cities That Start With Each Letter - Statistics

General Stats
  • This quiz has been taken 37 times
  • The average score is 80 of 127
Answer Stats
Population City % Correct
530,800 GA Atlanta
97%
558,046 NM Albuquerque
93%
A 1,007,435 TX Austin
93%
560,812 MD Baltimore
90%
238,923 ID Boise
90%
B 691,168 MA Boston
90%
C 2,709,364 IL Chicago
90%
946,661 OH Columbus
90%
734,718 CO Denver
90%
N 8,346,955 NY New York
90%
977,740 NC Charlotte
86%
499,474 CO Colorado Springs
86%
D 1,337,417 TX Dallas
86%
649,374 MI Detroit
86%
E 682,893 TX El Paso
86%
343,229 HI Honolulu
86%
I 893,619 IN Indianapolis
86%
135,671 MS Jackson
86%
J 1,038,787 FL Jacksonville
86%
694,501 NV Las Vegas
86%
O 727,836 OK Oklahoma City
86%
1,560,480 PA Philadelphia
86%
310,104 PA Pittsburgh
86%
627,040 OR Portland
86%
276,146 NY Buffalo
83%
362,142 OH Cleveland
83%
212,759 IA Des Moines
83%
K 520,000 MO Kansas City
83%
156,977 KS Kansas City
83%
L 3,869,891 CA Los Angeles
83%
645,270 KY Louisville
83%
M 602,184 TN Memphis
83%
509,107 FL Miami
83%
712,581 TN Nashville
83%
352,364 LA New Orleans
83%
487,506 NE Omaha
83%
348,347 FL Orlando
83%
P 1,703,449 AZ Phoenix
83%
411,293 CO Aurora
79%
423,592 CA Bakersfield
79%
178,961 OR Eugene
79%
F 1,050,336 TX Fort Worth
79%
H 2,435,715 TX Houston
79%
427,499 MN Minneapolis
79%
333,459 NJ Newark
79%
S 1,570,314 TX San Antonio
79%
1,414,266 CA San Diego
79%
803,876 CA San Francisco
79%
991,209 CA San Jose
79%
801,192 WA Seattle
79%
427,538 FL Tampa
79%
V 452,376 VA Virginia Beach
79%
311,965 NC Durham
76%
553,800 CA Fresno
76%
202,469 TN Knoxville
76%
522,751 AZ Mesa
76%
556,718 WI Milwaukee
76%
R 516,807 NC Raleigh
76%
263,314 OH Toledo
76%
T 559,695 AZ Tucson
76%
W 717,916 DC Washington, D.C.
76%
402,453 KS Wichita
76%
312,042 NJ Jersey City
72%
310,464 NV North Las Vegas
72%
290,076 NV Reno
72%
237,021 VA Richmond
72%
415,899 OK Tulsa
72%
332,841 KY Lexington
69%
Q 105,694 MA Quincy
69%
38,391 IL Quincy
69%
8,624 WA Quincy
69%
205,477 NY Rochester
69%
408,319 TX Arlington
66%
277,607 IN Fort Wayne
66%
G 313,135 NC Greensboro
66%
237,413 AL Huntsville
66%
Y 211,062 NY Yonkers
66%
365,728 NV Henderson
62%
323,799 CA Irvine
62%
444,839 CA Oakland
62%
232,425 WA Tacoma
62%
241,873 FL Hialeah
59%
443,555 CA Long Beach
59%
296,718 TX Plano
59%
327,868 CA Riverside
59%
258,636 TX Irving
55%
145,149 NJ Elizabeth
52%
62,903 NY Utica
52%
262,745 AZ Glendale
48%
152,579 IL Joliet
48%
149,640 TX Waco
48%
298,470 AZ Gilbert
45%
205,413 KS Overland Park
45%
202,846 WA Vancouver
45%
259,038 NC Winston-Salem
45%
24,509 IL Zion
45%
215,436 MA Worcester
41%
X 26,372 OH Xenia
41%
363 IL Xenia
41%
106,667 AZ Yuma
41%
121,021 MO Independence
38%
68,924 NJ Union City
38%
64,327 CA Union City
38%
251,430 TX Frisco
34%
252,450 TX Garland
34%
136,585 WA Kent
34%
148,513 CA Visalia
34%
147,748 CA Escondido
31%
227,065 CA Fremont
31%
100,462 CA Inglewood
31%
164,045 TX Killeen
31%
143,721 CA Victorville
28%
212,896 TX Grand Prairie
21%
109,553 CA Jurupa Valley
21%
122,247 CA Vallejo
21%
97,543 WA Yakima
21%
24,986 OH Zanesville
21%
24,779 FL Zephyrhills
21%
Z 34,323 IN Zionsville
21%
U 80,002 CA Upland
17%
65,617 CA Yorba Linda
17%
68,686 CA Yuba City
17%
20,812 LA Zachary
17%
9,269 PA Quakertown
14%
185,906 CA Elk Grove
10%
95,235 AZ Queen Creek
10%
48,850 IA Urbandale
7%
No matching quizzes found
Score Distribution
Percent of People with Each Score
Percentile by Number Answered
Your Score History
You have not taken this quiz